Wszystkie ulice Torunia - Statystyki

Ogólne statystyki
  • Ten quiz został rozwiązany 18 razy
  • Średni wynik to 85 z 922
Statystyki odpowiedzi
Ulica % Poprawnych
Warszawska
81%
Gdańska
75%
Bydgoska
69%
Poznańska
69%
Długa
63%
Krótka
56%
Leśna
56%
Łódzka
56%
Mikołaja Kopernika
56%
Wiśniowa
56%
Adama Mickiewicza
50%
Grudziądzka
50%
Katowicka
50%
Krakowska
50%
Polna
50%
Szewska
50%
Biała
44%
Bolesława Chrobrego
44%
Kielecka
44%
Lipowa
44%
Malinowa
44%
Niedźwiedzia
44%
Olsztyńska
44%
Słoneczna
44%
Sopocka
44%
św. Józefa
44%
Szczecińska
44%
Tadeusza Kościuszki
44%
Włocławska
44%
Zielona
44%
Aleja Solidarności
38%
Białostocka
38%
Bulwar Filadelfijski
38%
Chełmińska
38%
Czereśniowa
38%
Gołębia
38%
Gorzowska
38%
Inowrocławska
38%
Jesienna
38%
Juliusza Słowackiego
38%
Kamienna
38%
Kręta
38%
Kujawska
38%
Kwiatowa
38%
Lisia
38%
Parkowa
38%
Różana
38%
Rzeszowska
38%
Szeroka
38%
Szosa Chełmińska
38%
Wilcza
38%
Wiosenna
38%
Wschodnia
38%
Żwirki i Wigury
38%
Aleja św. Jana Pawła II
31%
Chabrowa
31%
Dworcowa
31%
Fabryczna
31%
Kasztanowa
31%
Kościelna
31%
Letnia
31%
Liliowa
31%
Lubelska
31%
Lubicka
31%
Małe Garbary
31%
Mostowa
31%
Orla
31%
Płocka
31%
Prosta
31%
Stefana Batorego
31%
Świerkowa
31%
Szosa Bydgoska
31%
Szosa Lubicka
31%
Targowa
31%
Tulipanowa
31%
Wielkie Garbary
31%
Wiślana
31%
Władysława Broniewskiego
31%
Władysława Reymonta
31%
Zimowa
31%
Agrestowa
25%
Aleksandra Fredry
25%
Bażyńskich
25%
Brzozowa
25%
Ciasna
25%
Dobrzyńska
25%
Elbląska
25%
Fiołkowa
25%
Jagodowa
25%
Jelenia
25%
Juliana Fałata
25%
Juliana Tuwima
25%
Jurija Gagarina
25%
Kaliska
25%
Klonowa
25%
Kocia
25%
Kolejowa
25%
Księżycowa
25%
Legionów
25%
Ludwika Kolankowskiego
25%
Ludwika Rydygiera
25%
Lwowska
25%
Makowa
25%
Marii Skłodowskiej-Curie
25%
Mikołaja Reja
25%
Młyńska
25%
Olimpijska
25%
Piaskowa
25%
Piotrkowska
25%
Porzeczkowa
25%
Rzeczna
25%
Sadowa
25%
Słupska
25%
Stanisława Moniuszki
25%
Szosa Okrężna
25%
Wały gen. Władysława Sikorskiego
25%
Wiązowa
25%
Wileńska
25%
Wysoka
25%
Zielonogórska
25%
Złota
25%
Adama Asnyka
19%
Akacjowa
19%
Bananowa
19%
Bolesława Prusa
19%
Brązowa
19%
Brzoskwiniowa
19%
Bukowa
19%
Ceglana
19%
Cicha
19%
Ciechocińska
19%
Czerwona Droga
19%
Częstochowska
19%
Forteczna
19%
Fryderyka Chopina
19%
Grunwaldzka
19%
Grzybowa
19%
Jana III Sobieskiego
19%
Jana Matejki
19%
Jarzębinowa
19%
Joachima Lelewela
19%
Jodłowa
19%
Kociewska
19%
Konińska
19%
Konstytucji 3 Maja
19%
Konwaliowa
19%
Kosynierów Kościuszkowskich
19%
Krośnieńska
19%
Ładna
19%
Łąkowa
19%
Legnicka
19%
Łosia
19%
Mazowiecka
19%
Miła
19%
Modrzewiowa
19%
Myśliwska
19%
Narcyzowa
19%
Okólna
19%
Piekary
19%
Piękna
19%
Plac Armii Krajowej
19%
Płaska
19%
Podgórna
19%
Podmurna
19%
Pszeniczna
19%
Rolnicza
19%
Rysia
19%
Rzepakowa
19%
Sanocka
19%
Sarnia
19%
Siedlecka
19%
Skierniewicka
19%
Sokola
19%
Spokojna
19%
Sportowa
19%
Srebrna
19%
Stefana Żeromskiego
19%
Stokrotkowa
19%
Sucha
19%
św. Antoniego
19%
Świętopełka
19%
św. Jana
19%
Szuwarów
19%
Tataraków
19%
Truskawkowa
19%
Turystyczna
19%
Uniwersytecka
19%
Wąska
19%
Wesoła
19%
Wierzbowa
19%
Wodna
19%
Wojska Polskiego
19%
Wrzosowa
19%
Żeglarska
19%
Żółkiewskiego
19%
Żurawia
19%
Zygmunta Krasińskiego
19%
Żytnia
19%
63. Pułku Piechoty
13%
Aleksandrowska
13%
Antoniego Antczaka
13%
Augustowska
13%
Bajeczna
13%
Bociana
13%
Bursztynowa
13%
Bytomska
13%
Ceramiczna
13%
Chmielna
13%
Ciechanowska
13%
Czerniewicka
13%
Czernikowska
13%
Czysta
13%
Diamentowa
13%
Dobra
13%
Elektryczna
13%
Fosa Staromiejska
13%
Fromborska
13%
gen. Józefa Bema
13%
Gniewkowska
13%
Golubska
13%
Graniczna
13%
Henryka Strobanda
13%
Hetmańska
13%
Ignacego Łukasiewicza
13%
Irysowa
13%
Jagiellońska
13%
Jana Heweliusza
13%
Jasia i Małgosi
13%
Jaśminowa
13%
Jasna
13%
Jastrzębia
13%
Józefa Wybickiego
13%
Kardynała Stefana Wyszyńskiego
13%
Kaszubska
13%
Kłodzka
13%
Koniuchy
13%
Konstantego Ildefonsa Gałczyńskiego
13%
Koszalińska
13%
Kozacka
13%
Kozia
13%
Kresowa
13%
Krokusowa
13%
Królowej Jadwigi
13%
Krucza
13%
Kubusia Puchatka
13%
Łączna
13%
Łazienna
13%
Lecha
13%
Licealna
13%
Ligi Polskiej
13%
Lilii Wodnych
13%
Lniana
13%
Lotników
13%
Ludwika Ślaskiego
13%
Łukasza Watzenrodego
13%
Łysomicka
13%
Mała
13%
Marii Konopnickiej
13%
Mleczna
13%
Morelowa
13%
Nieszawska
13%
Odrodzenia
13%
Orląt Lwowskich
13%
Osiedlowa
13%
Ostrołęcka
13%
Owsiana
13%
Piernikarska
13%
Pigwowa
13%
Pilska
13%
Piotra Curie
13%
Plac Teatralny
13%
Podgórska
13%
Pogodna
13%
Port Drzewny
13%
Przelot
13%
Przemyska
13%
Przyjemna
13%
Przy Kaszowniku
13%
Przy Lesie
13%
Przy Skarpie
13%
Ptasia
13%
Radomska
13%
Radosna
13%
Romualda Traugutta
13%
Rubinowa
13%
Rudacka
13%
Rybaki
13%
Rynek Nowomiejski
13%
Rynek Staromiejski
13%
Sebastiana Klonowica
13%
Sezamkowa
13%
Sieradzka
13%
Skierki
13%
Słodka
13%
Słowicza
13%
Sowia
13%
Stalowa
13%
Storczykowa
13%
Strzałowa
13%
Suwalska
13%
Swobodna
13%
Szmaragdowa
13%
Szpitalna
13%
Szubińska
13%
Tarnowska
13%
Techniczna
13%
Towarowa
13%
Traktorowa
13%
Ugory
13%
Wincentego Witosa
13%
Zagrodowa
13%
Zamojska
13%
Zaułek Prosowy
13%
Zbożowa
13%
Zdrojowa
13%
4 Pułku Lotniczego
6%
Agatowa
6%
Aleja 500-lecia Torunia
6%
Aleja 700-lecia Torunia
6%
Alladyna
6%
Ametystowa
6%
Antoniego Bolta
6%
Artyleryjska
6%
Astrowa
6%
Balladyny
6%
Balonowa
6%
Bankowa
6%
Barbarka
6%
Barwna
6%
Bażantowa
6%
Błękitna
6%
Bluszczowa
6%
Bobrowa
6%
Browarna
6%
Brylantowa
6%
Cedrowa
6%
Celnicza
6%
Chełmska
6%
Cierpicka
6%
Cisowa
6%
Cypriana Kamila Norwida
6%
Czapli
6%
Czecha
6%
Dobrej Nadziei
6%
Dominikańska
6%
Dożynkowa
6%
Ducha Świętego
6%
Dybowska
6%
Dyngusowa
6%
Działowa
6%
Fantazyjna
6%
Fasolowa
6%
Feliksa Stamma
6%
Figowa
6%
Franciszkańska
6%
Gabriela Narutowicza
6%
Gajowa
6%
Galileusza
6%
gen. Józefa Dwernickiego
6%
gen. Józefa Hallera
6%
gen. Karola Kniaziewicza
6%
Gerarda Pająkowskiego
6%
Gliniecka
6%
Głogowska
6%
Gminna
6%
Gościnna
6%
Goździkowa
6%
Grabowa
6%
Gryczana
6%
Harcerska
6%
Hebanowa
6%
Henryka Sienkiewicza
6%
Hiacyntowa
6%
Hugona Kołłątaja
6%
Ignacego Łyskowskiego
6%
Ignacego Paderewskiego
6%
Iławska
6%
Jakuba Suleckiego
6%
Jałowcowa
6%
Jana Brzechwy
6%
Jana Kochanowskiego
6%
Jana Michała Hubego
6%
Jana Mohna
6%
Jana Olbrachta
6%
Janiny Bartkiewiczówny
6%
Janiny Hurynowicz
6%
Janusza Kusocińskiego
6%
Jaworowa
6%
Jęczmienna
6%
Jeleniogórska
6%
Jeżynowa
6%
Józefa Ignacego Kraszewskiego
6%
Kalinowa
6%
Kanałowa
6%
Kartuska
6%
Kazimierza Jagiellończyka
6%
Kluczyki
6%
Kogucia
6%
Kołowa
6%
Kombajnowa
6%
Konfekcyjna
6%
Konrada Grasera
6%
Kopciuszka
6%
Kormorana
6%
Krańcowa
6%
Królewny Śnieżki
6%
ks. Jerzego Popiełuszki
6%
Kurpiowska
6%
Leona Szumana
6%
Leonida Teligi
6%
Leszczynowa
6%
Lipnowska
6%
Luba
6%
Malwowa
6%
Mazurska
6%
Melchiora Wańkowicza
6%
Migdałowa
6%
Miodowa
6%
Mistrza Twardowskiego
6%
Morwowa
6%
Most Pauliński
6%
Nad Rzeczką
6%
Nad Strugą
6%
Nenufarów
6%
Nowotarska
6%
Obrowska
6%
Ogrodowa
6%
Oleńki
6%
Orzechowa
6%
Osikowa
6%
Ostra
6%
Owocowa
6%
Palmowa
6%
Pałucka
6%
Pana Kleksa
6%
Panny Marii
6%
Pawia
6%
Pera Jonssona
6%
Perłowa
6%
Piastowska
6%
Pistacjowa
6%
Plac Grzegorza Ciechowskiego
6%
Plac Mariana Rapackiego
6%
Plac Św. Katarzyny
6%
Pod Krzywą Wieżą
6%
Polskiego Czerwonego Krzyża
6%
Pomarańczy
6%
Popiela
6%
Powstańców Śląskich
6%
Prosowa
6%
Przesmyk
6%
Przytulna
6%
Rabiańska
6%
Równinna
6%
Rumiankowa
6%
Rusa
6%
Rypińska
6%
Samuela Bogumiła Lindego
6%
Sasankowa
6%
Serdeczna
6%
Śliczna
6%
Śliwowa
6%
Smocza
6%
Spacerowa
6%
Stanisława Przybyszewskiego
6%
Stanisława Wyspiańskiego
6%
Stawki Południowe
6%
Stefana Jaracza
6%
Stefana Okrzei
6%
Stefana Srebrnego
6%
Stroma
6%
Studzienna
6%
św. Andrzeja Boboli
6%
Światowida
6%
św. Jakuba
6%
św. Katarzyny
6%
św. Klemensa
6%
św. Mikołaja
6%
św. Wojciecha
6%
Szarych Szeregów
6%
Szczęśliwa
6%
Szczytna
6%
Tadeusza Rejtana
6%
Tarnobrzeska
6%
Tęczowa
6%
Tomasza Stawisińskiego
6%
Topazowa
6%
Tramwajowa
6%
Trzcinowa
6%
Twarda
6%
Ukośna
6%
Urocza
6%
Urzędnicza
6%
Wakacyjna
6%
Wapienna
6%
Warmińska
6%
Wianki
6%
Widok
6%
Wiejska
6%
Wielki Rów
6%
Wieżowa
6%
Winogronowa
6%
Władysława Dziewulskiego
6%
Władysława Grabskiego
6%
Władysława Łokietka
6%
Władysława Warneńczyka
6%
Wojciecha Korfantego
6%
Wola Zamkowa
6%
Wypoczynkowa
6%
Zacisze
6%
Zagonowa
6%
Zakole
6%
Zaszpitalna
6%
Zaułek Dworcowy
6%
Żbikowa
6%
Zdzisława Dandelskiego
6%
Żelazna
6%
Zielna
6%
Zofii Nałkowskiej
6%
Zygfryda Gardzielewskiego
6%
Zygmunta Mocarskiego
6%
Zygmunta Moczyńskiego
6%
Adama Freytaga
0%
Aleja Bogusława Magiery
0%
Aleja Niezależnego Zrzeszenia Studentów UMK
0%
Aleksandra Birkenmajera
0%
Aleksandra Jabłońskiego
0%
Alojzego Tujakowskiego
0%
Andrzeja Kmicica
0%
Andrzeja Sobkowiaka
0%
Antoniego Bagińskiego
0%
Antoniego Grabowskiego
0%
Antoniego Swinarskiego
0%
Apatora
0%
Augustyna Kordeckiego
0%
Bartnicza
0%
Bartosza Głowackiego
0%
Basieńki
0%
Baśniowa
0%
Bawarczyków
0%
Bekasa
0%
Bielańska
0%
Bławatkowa
0%
Bliska
0%
Boczna
0%
Bohdana Paczyńskiego
0%
Bolesława Leśmiana
0%
Borowiacka
0%
Borowikowa
0%
Bractwa Kurkowego
0%
Bratnia
0%
Bronisława Jamontta
0%
Bronisława Malinowskiego
0%
Calineczki
0%
Ciekawa
0%
Cienista
0%
Cyprysowa
0%
Czekoladowa
0%
Czeremchowa
0%
Cztery Pory Roku
0%
Dąbrówki
0%
Daleka
0%
Dojazd
0%
Droga Czarnobłocka
0%
Droga Łąkowa
0%
Droga Starotoruńska
0%
Droga Trzeposka
0%
Dworska
0%
Edmunda Halleya
0%
Estakada im. mgr. inż. Marka Sudaka
0%
Familijna
0%
Filomatów Pomorskich
0%
Filtrowa
0%
Flisacza
0%
Franciszka Ratajczaka
0%
Franciszka Tadeusza Rakowicza
0%
Gaikowa
0%
Gawędy
0%
Gazowa
0%
gen. Augusta E. Fieldorfa "Nila"
0%
Generała Kazimierza Pułaskiego
0%
Generała Leopolda Okulickiego
0%
Generała Michała Tokarzewskiego-Karaszewicza
0%
Generała Mikołaja Bołtucia
0%
Generała Stefana Grota-Roweckiego
0%
Generała Tadeusza Komorowskiego-Bora
0%
Generała Tadeusza Kutrzeby
0%
Generała Władysława Andersa
0%
gen. Gustawa Orlicza-Dreszera
0%
gen. Ignacego Prądzyńskiego
0%
gen. Jana Henryka Dąbrowskiego
0%
gen. Józefa Chłopickiego
0%
gen. Józefa Lewszeckiego
0%
gen. Józefa Sowińskiego
0%
gen. Marii Wittek
0%
gen. Stanisława Skrzyńskiego
0%
gen. Stanisława Woyczyńskiego
0%
Gerwazego
0%
Gipsowa
0%
Goplany
0%
Granitowa
0%
Guliwera
0%
Gustawa Morcinka
0%
Gustlika
0%
Gwiaździsta
0%
Heleny Kaźmierczak-Połońskiej
0%
Heleny Piskorskiej
0%
Hieronima Derdowskiego
0%
Honoratki
0%
Hoża
0%
Hugona Morycińskiego
0%
Husarska
0%
Iglasta
0%
Ignacego Danielewskiego
0%
Ignacego Dudojcia
0%
Ignacego Tłoczka
0%
inne Most gen. Elżbiety Zawackiej
0%
inne Most Imienia inż. Ernesta Adama Malinowskiego
0%
inne Most im. J. Piłsudskiego
0%
inne Trasa Prezydenta Władysława Raczkiewicza
0%
inż. arch. Kazimierza Gregorkiewicza
0%
inż. Jana Brody
0%
Inżynierska
0%
Jacka Soplicy
0%
Jakuba Rubinkowskiego
0%
Jana Brejskiego
0%
Jana Dekerta
0%
Jana Długosza
0%
Jana Gadomskiego
0%
Jana i Jędrzeja Śniadeckich
0%
Jana i Marii Prüfferów
0%
Jana Karnowskiego
0%
Jana Karola Chodkiewicza
0%
Jana Kasprowicza
0%
Jana Keplera
0%
Jana Kilińskiego
0%
Jana Mergentalera
0%
Jana Rybińskiego
0%
Jana Skrzetuskiego
0%
Janiny i Eugeniusza Przybyłów
0%
Jarocińska
0%
Jarosława Iwaszkiewicza
0%
Jaskółcza
0%
Jaspisowa
0%
Jemiołowa
0%
Jeremiego Wiśniowieckiego
0%
Jerzego Dobrzyckiego
0%
Jeżyka
0%
Józefa Chrzanowskiego
0%
Józefa i Sylwestra Buszczyńskich
0%
Józefa Mireckiego
0%
Józefa Mossakowskiego
0%
Józefa Nowaka
0%
Józefa Poniatowskiego
0%
Józefa Sułkowskiego
0%
Juliana Prejsa
0%
Kąkolowa
0%
Kameliowa
0%
Kameralna
0%
Kapitana Tadeusza Łęgowskiego
0%
Karola Olszewskiego
0%
Karola Stamirowskiego
0%
Karola Szymanowskiego
0%
Karolinki
0%
Katarzynki
0%
Kazimierza Osmańskiego
0%
Kazimierza Wierzyńskiego
0%
Kikolska
0%
Kłopot
0%
Końcowa
0%
Konduktorska
0%
Koniczynki
0%
Konopackich
0%
Konopna
0%
Kornela Makuszyńskiego
0%
Kosa
0%
Kowieński
0%
kpt. Jana Drzewieckiego
0%
Kraińska
0%
Krajoznawcza
0%
Krynicka
0%
Krzemieniecka
0%
ks. Alfonsa Mańkowskiego
0%
Księdza Stanisława Paluszyńskiego
0%
ks. Józefa Domachowskiego
0%
ks. Kanonika Pawła Piotra Gogi
0%
ks. Stanisława Kujota
0%
ks. Stanisława Staszica
0%
Kukułki
0%
Kuropatwy
0%
Kwitnącej Jabłoni
0%
Lawendowa
0%
Leona Czarlińskiego
0%
Leona Jeśmanowicza
0%
Leona Raszei
0%
Leona Witkowskiego
0%
Leona Wyczółkowskiego
0%
Leśny Trakt
0%
Lidzbarska
0%
Łomżyńska
0%
Łozowa
0%
Łubinowa
0%
Ludwika Czachowskiego
0%
Ludwika Makowskiego
0%
Ludwika Waryńskiego
0%
Ludwika Zamenhofa
0%
Łukowa
0%
Mahoniowa
0%
Majdany
0%
Majora Henryka Dobrzańskiego-Hubala
0%
Małgorzatki
0%
Mariana Jaroczyńskiego
0%
Mariana Sydowa
0%
Marii Kuncewiczowej
0%
Marzanny
0%
Maszynowa
0%
Matysiaków
0%
Melanii Sinorackiej
0%
Michała Drzymały
0%
Michała Sczanieckiego
0%
Miedza
0%
Międzymurze
0%
Międzyrzecze
0%
mjr. Henryka Sucharskiego
0%
mjr. Jana Piwnika
0%
mjr. Ludwika Idzikowskiego
0%
mjr. Wacława Kryńskiego
0%
Młodzieżowa
0%
Modrakowa
0%
Nad Zatoką
0%
Na Przełaj
0%
Nasza
0%
Na Uboczu
0%
Na Zapleczu
0%
Odległa
0%
Okopowa
0%
Olęderska
0%
Olszynowa
0%
Osadnicza
0%
Otłoczyńska
0%
Pana Tadeusza
0%
Pana Wołodyjowskiego
0%
Pancernych
0%
Papowska
0%
Pawła Kałamarskiego
0%
Perkoza
0%
Plac 18 Stycznia
0%
plac 4 czerwca 1989 roku
0%
Plac Artylerii Polskiej
0%
Plac Biskupa Jana Chrapka
0%
Plac bł. ks. phm. S. Frelichowskiego
0%
Plac Fryderyka Skarbka
0%
Plac Generała Pilota Stanisława Skalskiego
0%
Plac Honorowych Dawców Krwi
0%
Plac Ignacego Daszyńskiego
0%
Plac Naczelnej Organizacji Technicznej
0%
Plac Pokoju Toruńskiego
0%
Plac prof. Alfonsa Hoffmanna
0%
Plac Sybiraków
0%
Plac Towarzystwa Miłośników Torunia
0%
plac Witalisa Ugrechelidze
0%
plac Zofii i Karola Górskich
0%
Plac Związku Nauczycielstwa Polskiego
0%
Plac Zwycięstwa
0%
Platanowa
0%
Plebiscytowa
0%
płk. dr. Leona Strehla
0%
płk. Franciszka Niepokólczyckiego
0%
Podbipięty
0%
Podchorążych
0%
Pod Dębową Górą
0%
Podporucznika Jerzego Paszkowskiego
0%
Pokątna
0%
Poprzeczna
0%
Poranna
0%
Powiśle
0%
Powstańców Wielkopolskich
0%
ppłk. Jana Pałubickiego
0%
prof. Jana Czochralskiego
0%
Przedzamcze
0%
Przeskok
0%
Przy Cegielni
0%
Przy Grobli
0%
Przyjaciół
0%
Przylaszczkowa
0%
Przy Nasypie
0%
Przy Rynku Wełnianym
0%
Przysiecka
0%
Przy Torze
0%
Pszczelna
0%
Puchacza
0%
Pułkownika Władysława Beliny-Prażmowskiego
0%
Radiowa
0%
Rajmunda Galona
0%
Relaksowa
0%
Renklodowa
0%
Roberta Głębockiego
0%
Rodzinna
0%
Rodzynkowa
0%
Rojewska
0%
Romantyczna
0%
Rondo adw. Stefana Michałka
0%
Rondo Armii Pomorze
0%
Rondo Barbary i Jerzego Matyjków
0%
Rondo Bielawy
0%
Rondo Bohaterów Zadwórza 1920
0%
Rondo Czadcy
0%
Rondo dr. Tadeusza Ładniaka
0%
Rondo Elany
0%
Rondo Heleny Grossówny
0%
Rondo Jacka Kuronia
0%
Rondo Kazimierza Ulatowskiego
0%
Rondo Komitetu Obrony Robotników
0%
Rondo ks. bp. Adolfa Szelążka
0%
Rondo Lecha Bądkowskiego
0%
Rondo Ludmiły Roszko
0%
Rondo marszałka Ferdynanda Focha
0%
Rondo Niepodległości
0%
Rondo Podoficerów
0%
Rondo Polaków Poszkodowanych przez Rzeszę Niemiecką
0%
Rondo Praw Kobiet
0%
Rondo pułkownika Witolda Pileckiego
0%
Rondo Teofila Lorkiewicza
0%
Rondo Toruńskich Olimpijczyków
0%
rondo Toruńskich Polarników
0%
Rondo Wiślane
0%
Rondo Zbigniewa Herberta
0%
Roślinna
0%
Rozwarta
0%
Rudego
0%
Ryżowa
0%
Ścieżka Szkolna
0%
Selerowa
0%
Sielska
0%
Siewna
0%
Sindbada
0%
Sitowia
0%
Skryta
0%
Skwer Anny i Leonarda Torwirtów
0%
Skwer im. Oficerskiej Szkoły Artylerii
0%
Skwer Inwalidów Wojennych
0%
Skwer Lucjana Broniewicza
0%
Skwer Oficerskiej Szkoły Marynarki Wojennej
0%
Skwer prof. Bohdana Rymaszewskiego
0%
Skwer Solidarności Rolników Indywidualnych
0%
Ślimak Getyński
0%
Ślusarska
0%
Służewska
0%
Sobótki
0%
Solankowa
0%
Spółdzielcza
0%
Sporna
0%
Srebrzysta
0%
Środkowa
0%
Stanisława Małachowskiego
0%
Stanisława Sędziaka
0%
Stanisława Szymańskiego
0%
Stanisławy i Damazego Jaworskich
0%
Stara Droga
0%
Stefana Burhardta
0%
Stefana Czarnieckiego
0%
Steinbornów
0%
Stepowa
0%
Strumykowa
0%
Sukiennicza
0%
Świdnicka
0%
Świętej Faustyny
0%
św. Jana Bosko
0%
Sygnałowa
0%
Sylwana Stankiewicza
0%
Sylwestra Kaliskiego
0%
Szafranowa
0%
Szałwiowa
0%
Szarika
0%
Szczepana Waczyńskiego
0%
Szczęsna
0%
Szyszkowa
0%
Tartaczna
0%
Telimeny
0%
Teodora Donimirskiego
0%
Torowa
0%
Trakcyjna
0%
Turkusowa
0%
Tymona Niesiołowskiego
0%
Urodzajna
0%
Uśmiechu
0%
Ustronna
0%
Wacława Hulewicza
0%
Wacława Szyszkowskiego
0%
Wałdowska
0%
Wandy Bukiewicz
0%
Warzywna
0%
Wiklinowa
0%
Wilama Horzycy
0%
Wilhelminy Iwanowskiej
0%
Willowa
0%
Winna
0%
Winnica
0%
Wita Stwosza
0%
Władysława Balewskiego
0%
Władysława Bojarskiego
0%
Włodzimierza Zonna
0%
Wodociągowa
0%
Wspólna
0%
Wykopy
0%
Wymarzona
0%
Wyrzyska
0%
Zagłoby
0%
Zakątek
0%
Zakosy
0%
Zakręt
0%
Zbigniewa Iwanowa
0%
Zbigniewa Zdrójkowskiego
0%
Ziemi Michałowskiej
0%
Ziemowita
0%
Zimorodka
0%
Złotej Rybki
0%
Źródlana
0%
Zwrotnicza
0%
Zygmunta Działowskiego
0%
Żywiczna
0%
Żyzna
0%
Nie znaleziono quizów pasujących do podanych kryteriów
Rozkład punktacji
Procent ludzi z każdym wynikiem
Percentyl według liczby udzielonych odpowiedzi
Twoja historia wyników
Nie rozwiązałeś tego quizu